चित्राधार / (Record no. 28868)

MARC details
000 -LEADER
fixed length control field 01342nam a22002777a 4500
005 - DATE AND TIME OF LATEST TRANSACTION
control field 20090803133833.0
010 ## - LCCN (DPL NO)
LC control number HIN-87607
020 ## - INTERNATIONAL STANDARD BOOK NUMBER
International Standard Book Number 9788188939343
Terms of availability 150.00
035 ## - SYSTEM CONTROL NUMBER
System control number HN-59953
035 ## - SYSTEM CONTROL NUMBER
System control number B-421096
037 ## - SOURCE OF ACQUISITION
Source of stock number/acquisition DBAD / PUB
037 ## - SOURCE OF ACQUISITION
Source of stock number/acquisition DBAD/ उपहार
082 ## - DEWEY DECIMAL CLASSIFICATION NUMBER
Classification number 821
100 ## - MAIN ENTRY--PERSONAL NAME
Personal name प्रसाद, जयशंकर
245 ## - TITLE STATEMENT
Title चित्राधार /
Statement of responsibility, etc जयशंकर प्रसाद
246 ## - VARYING FORM OF TITLE
Title proper/short title Chitraadhaara
Remainder of title by Jaishankar Prasad
260 ## - PUBLICATION, DISTRIBUTION, ETC. (IMPRINT)
Place of publication, distribution, etc दिल्ली
Name of publisher, distributor, etc विमला बुक्स
Date of publication, distribution, etc 2009
270 ## - ADDRESS
Address फेस ई 1/267, सोनिया विहार,
City दिल्ली
Postal code 110094
300 ## - PHYSICAL DESCRIPTION
Extent 96पृ.
Dimensions 22सेमी (सजिल्द)
650 ## - SUBJECT ADDED ENTRY--TOPICAL TERM
Topical term or geographic name as entry element हिन्दी कविता
650 ## - SUBJECT ADDED ENTRY--TOPICAL TERM
Topical term or geographic name as entry element Hindi poetry
942 ## - ADDED ENTRY ELEMENTS (KOHA)
Source of classification or shelving scheme Dewey Decimal Classification
Item type Hindi Books
Call number suffix प्रसाद
Classification part 821
Holdings
Withdrawn status Lost status Not for loan Home library Current library Date acquired Source of acquisition Cost, normal purchase price Full call number Barcode Copy number Cost, replacement price Koha item type Collection code
      Central Library Central Library 29/09/2010 DBAD/उपहार 150.00 821 प्रसाद B-421096 1 150.00 Hindi Books Non-fiction
    Not For Loan D.B.Act.Division D.B.Act.Division 03/08/2009 DBAD / PUB 150.00 821 प्रसाद HN-59953 1 150.00 Hindi Books  

© Delhi Public Library
Hit Counter
free hit counter